Reinsurance of Extremal Claims by EOT Method Using R

Analýza katastrofických udalostí pomocou teórie extrémnych škôd. Využitie metódy EOT (Excess Over Threshold) v neproporcionálnom zaistení Excess of Loss. Praktická ukážka na hurikánoch v USA.

Guardado en:
Detalles Bibliográficos
Autor principal: Mucha, Vladimír, 1976-
Formato: Capítulo de libro
Lenguaje:eslovaco
Materias:
Etiquetas: Agregar Etiqueta
Sin Etiquetas, Sea el primero en etiquetar este registro!

MARC

LEADER 00000naa$a2200000$$$4500
001 0260533
005 20240502083744.8
041 0 |a slo 
044 |a CZ 
245 1 0 |a Reinsurance of Extremal Claims by EOT Method Using R  |c Vladimír Mucha 
520 |a Analýza katastrofických udalostí pomocou teórie extrémnych škôd. Využitie metódy EOT (Excess Over Threshold) v neproporcionálnom zaistení Excess of Loss. Praktická ukážka na hurikánoch v USA. 
610 2 0 |a škody 
610 2 0 |a riziko 
610 2 0 |a poisťovníctvo 
610 2 0 |a analýza štatistická 
100 1 |a Mucha, Vladimír, 1976-